000 00207nam a2200097Ia 4500
008 220204s9999 xx 000 0 und d
082 _a82-3
_bMEL
100 _aMeldal-Johnsen
245 0 _aAlways
942 _cBK
999 _c32655
_d32655